Teatro ecuatoriano : Paralelogramo; Velorio del Albañil; La furiosa manzanera (Registro nro. 53730)
[ vista simple ]
| 000 -CABECERA | |
|---|---|
| Longitud fija campo de control | 01025nam a2200265Ia 4500 |
| 001 - NÚMERO DE CONTROL | |
| Número de control | 395026 |
| 003 - IDENTIFICADOR DEL NÚMERO DE CONTROL | |
| Identificador del número de control | EC-QuCCB |
| 005 - FECHA Y HORA DE LA ÚLTIMA TRANSACCIÓN | |
| Fecha y hora de la última transacción | 20260310094203.0 |
| 008 - DATOS DE LONGITUD FIJA--INFORMACIÓN GENERAL | |
| Códigos de información de longitud fija | 130917s9999 xx 000 0 und d |
| 040 ## - FUENTE DE LA CATALOGACIÓN | |
| Centro catalogador de origen | EC-QuCCB |
| 082 ## - NÚMERO DE LA CLASIFICACIÓN DECIMAL DEWEY | |
| Número de clasificación | 862 |
| Número de documento | T2539 |
| 100 1# - ENTRADA PRINCIPAL--NOMBRE DE PERSONA | |
| Nombre de persona | Rodríguez Castelo, Hernán, |
| Fechas asociadas con el nombre | 1933-2017 |
| 9 (RLIN) | 10241 |
| 245 10 - MENCIÓN DE TÍTULO | |
| Título | Teatro ecuatoriano : Paralelogramo; Velorio del Albañil; La furiosa manzanera |
| Mención de responsabilidad, etc. | Introducción de Hernán Rodríguez Castelo |
| 260 ## - PUBLICACIÓN, DISTRIBUCIÓN, ETC. (PIE DE IMPRENTA) | |
| Lugar de publicación, distribución, etc. | Guayaquil, Ecuador : |
| Nombre del editor, distribuidor, etc. | Editado por Publicaciones Educativas \ Ariel \ |
| 300 ## - DESCRIPCIÓN FÍSICA | |
| Extensión | 176 páginas, [ v. 2 ] |
| 490 1# - MENCIÓN DE SERIE | |
| Mención de serie | Clásicos Ariel |
| Número de volumen/designación secuencial | n. 36 |
| 505 0# - NOTA DE CONTENIDO CON FORMATO | |
| Nota de contenido con formato preestablecido | Contiene : Paralelogramo por Gonzalo Escudero, Velorio del Albañil - La furiosa manzanera por Augusto Sacoto Arias, |
| 650 #4 - PUNTO DE ACCESO ADICIONAL DE MATERIA--TÉRMINO DE MATERIA | |
| Nombre de materia o nombre geográfico como elemento de entrada | Poesía ecuatoriana |
| 9 (RLIN) | 15035 |
| Nombre de materia o nombre geográfico como elemento de entrada | Teatro ecuatoriano |
| 9 (RLIN) | 15964 |
| Nombre de materia o nombre geográfico como elemento de entrada | Literatura ecuatoriana |
| 9 (RLIN) | 13880 |
| 700 1# - PUNTO DE ACCESO ADICIONAL--NOMBRE DE PERSONA | |
| Nombre de persona | I. Rodríguez Castelo, Hernán |
| Nombre de persona | II. Escudero Moscoso, Gonzalo |
| Nombre de persona | III. Sacoto Arias, Augusto |
| 942 ## - ELEMENTOS DE PUNTO DE ACCESO ADICIONAL (KOHA) | |
| Fuente de clasificaión o esquema | Número de Clasificación Local |
| Koha [por defecto] tipo de item | |
| Suprimido | Perdido | Fuente de clasificación o esquema | Estropeado | No se presta | Localización (Biblioteca) | Localización actual | Localización en estanterías | Fecha adquisición | Préstamos totales | Clasificación completa | Designación de pieza (código de barras) | Fecha última consulta | Número de ejemplar | Fecha del precio de reemplazo | Tipo de item de Koha | Serie de enumeración ; cronología | Restricciones de uso | Koha Colección |
|---|---|---|---|---|---|---|---|---|---|---|---|---|---|---|---|---|---|---|
| Disponible | Dewey Decimal Classification | Sin daños | Disponible para préstamo | Biblioteca CCE - Carchi | Biblioteca CCE - Carchi | En Col. | 19/05/2016 | 862/T2539 | CCECAR-001209 | 19/05/2016 | Ej.1 | 19/05/2016 | Monografía | V36 | Sin restricciones de uso | |||
| Disponible | Dewey Decimal Classification | Sin daños | Disponible para préstamo | Biblioteca CCE - Cañar | Biblioteca CCE - Cañar | En Dep. | 18/11/2014 | 862.866 T2539 | CCECAN'000009 | 18/11/2014 | Ej. 1 | 18/11/2014 | Monografía | |||||
| Disponible | Dewey Decimal Classification | Sin daños | Disponible para préstamo | Biblioteca CCE - Imbabura | Biblioteca CCE - Imbabura | En Col. | 13/05/2016 | 862/T2539 | 13/05/2016 | Ej.1 | 13/05/2016 | Monografía | v.36 t.2 | Sin restricciones de uso | ||||
| Disponible | Dewey Decimal Classification | Sin daños | Disponible para préstamo | Biblioteca CCE - Loja | Biblioteca CCE - Loja | En Col. | 14/03/1988 | L. 3.699/ 862 T2539 | CCELOJ'000851 | 11/05/2015 | Ej.1 | 11/05/2015 | Monografía | t.2 | ||||
| Disponible | Número de Clasificación Local | Sin daños | Disponible para préstamo | Biblioteca CCE - Tungurahua | Biblioteca CCE - Tungurahua | En Col. | 27/11/2015 | 862 T2539 | CCETUN-004992 | 27/11/2015 | Ej:1 | 27/11/2015 | Monografía |























